animal quiz - Statistics

General Stats
  • This quiz has been taken 21 times
  • The average score is 11 of 16
Answer Stats
Picture Answer % Correct
Lion
100%
Elephant
91%
Polar bear
91%
Red panda
91%
Badger
82%
bald eagle
82%
Capybara
82%
Blue whale
73%
Chimpanzee
73%
Ant eater
64%
Sea lion
64%
Cougar
55%
Lion fish
45%
Caracal
36%
Spotted hyena
27%
Walibi
9%
No matching quizzes found
Score Distribution
Percent of People with Each Score
Percentile by Number Answered
Your Score History
You have not taken this quiz